<?xml version="1.0" encoding="UTF-8"?>
<collection xmlns:xsi="http://www.w3.org/2001/XMLSchema-instance" xsi:schemaLocation="http://www.loc.gov/MARC21/slim http://www.loc.gov/standards/marcxml/schema/MARC21slim.xsd" xmlns="http://www.loc.gov/MARC21/slim">
 <record>
  <leader>00000cmm a22000004i 4500</leader>
  <controlfield tag="001">UP-99796217613033998</controlfield>
  <controlfield tag="003">Buklod</controlfield>
  <controlfield tag="005">20190607144010.0</controlfield>
  <controlfield tag="006">m    go  j        </controlfield>
  <controlfield tag="007">ta</controlfield>
  <controlfield tag="008">190607s1940    xx     d        u        </controlfield>
  <datafield tag="035" ind1=" " ind2=" ">
   <subfield code="a">(iLib)UPD-00405465229</subfield>
  </datafield>
  <datafield tag="037" ind1=" " ind2=" ">
   <subfield code="a">Libtech/IG</subfield>
   <subfield code="c">2,466.80</subfield>
  </datafield>
  <datafield tag="040" ind1=" " ind2=" ">
   <subfield code="a">DMLF</subfield>
   <subfield code="e">rda</subfield>
  </datafield>
  <datafield tag="041" ind1=" " ind2=" ">
   <subfield code="a">eng</subfield>
  </datafield>
  <datafield tag="042" ind1=" " ind2=" ">
   <subfield code="a">DMLUC</subfield>
  </datafield>
  <datafield tag="090" ind1=" " ind2=" ">
   <subfield code="a">HA 1821</subfield>
   <subfield code="b">1939 A36eb</subfield>
  </datafield>
  <datafield tag="110" ind1="1" ind2=" ">
   <subfield code="a">Philippines (Commonwealth).</subfield>
   <subfield code="b">Commission of the Census.</subfield>
  </datafield>
  <datafield tag="245" ind1="1" ind2="0">
   <subfield code="a">Census of the Philippines, 1939.</subfield>
  </datafield>
  <datafield tag="264" ind1=" " ind2="1">
   <subfield code="a">Manila</subfield>
   <subfield code="b">Bureau of Print.</subfield>
   <subfield code="c">1940-43.</subfield>
  </datafield>
  <datafield tag="264" ind1=" " ind2="0">
   <subfield code="a">[Singapore</subfield>
   <subfield code="b">IgLibrary; Heritage Books of Asia]</subfield>
  </datafield>
  <datafield tag="300" ind1=" " ind2=" ">
   <subfield code="a">5 v. in 8</subfield>
   <subfield code="b">ill.</subfield>
  </datafield>
  <datafield tag="336" ind1=" " ind2=" ">
   <subfield code="a">text</subfield>
   <subfield code="2">rdacontent</subfield>
  </datafield>
  <datafield tag="337" ind1=" " ind2=" ">
   <subfield code="a">computer</subfield>
   <subfield code="2">rdamedia</subfield>
  </datafield>
  <datafield tag="338" ind1=" " ind2=" ">
   <subfield code="a">online resource</subfield>
   <subfield code="2">rdacarrier</subfield>
  </datafield>
  <datafield tag="500" ind1=" " ind2=" ">
   <subfield code="a">At head of title: Commonwealth of the Philippines. Commission of the census, Manila.</subfield>
  </datafield>
  <datafield tag="500" ind1=" " ind2=" ">
   <subfield code="a">Vol. IV consists of five of the nine chapters of the proof copy that was in the United States at the time of the Japanese invasion.</subfield>
  </datafield>
  <datafield tag="505" ind1="0" ind2=" ">
   <subfield code="a">I. Report by provinces for census of population. pt. I. Abra to Camarines Sur. pt. II. Capiz to Lanao. pt. III. Leyte to Palawan. pt. IV. Pampanga to Zamboanga -- II. Summary for the Philippines and general report for the censuses of population and agriculture -- III. Reports by provinces for the census of agriculture -- IV. Reports for economic census -- V. Census atlas of the Philippines.</subfield>
  </datafield>
  <datafield tag="506" ind1=" " ind2=" ">
   <subfield code="a">IP-based subscription, on-campus and remote.</subfield>
   <subfield code="c">Access via Electronic Resource of the UPD University Library website.</subfield>
  </datafield>
  <datafield tag="506" ind1=" " ind2=" ">
   <subfield code="a">Checkout via IG Reader (mobile application)</subfield>
  </datafield>
  <datafield tag="520" ind1=" " ind2=" ">
   <subfield code="a">Volume I: contains the reports for the Census of Population for each of the 49 provinces, and the City of Manila. The reports which were previously published separately for each province, now have been bound together thus comprising Volume I which consists of four parts. Each provincial report contains data showing the distribution of inhabitants by municipalities and barrios, and the classification of the inhabitants in accordance with various classifications, such as sex, age, race, civil status, literacy, occupation, religion, and employment status. A summary for the entire Philippines of all data presented in Volume I, will be found in Volume II of the 1939 Census Reports, entitled &quot;Summary for the Philippines and General Report.&quot;</subfield>
  </datafield>
  <datafield tag="533" ind1=" " ind2=" ">
   <subfield code="a">Electronic Reproduction.</subfield>
   <subfield code="n">Available via World Wide Web through iGLibrary.</subfield>
  </datafield>
  <datafield tag="650" ind1=" " ind2="0">
   <subfield code="a">Electronic books.</subfield>
  </datafield>
  <datafield tag="651" ind1=" " ind2="0">
   <subfield code="a">Philippines</subfield>
   <subfield code="x">Census, 1939.</subfield>
  </datafield>
  <datafield tag="651" ind1=" " ind2="0">
   <subfield code="a">Philippines</subfield>
   <subfield code="x">Population.</subfield>
  </datafield>
  <datafield tag="651" ind1=" " ind2="0">
   <subfield code="a">Philippines</subfield>
   <subfield code="x">Statistics, Vital.</subfield>
  </datafield>
  <datafield tag="710" ind1="2" ind2=" ">
   <subfield code="a">Libtech/IgLibrary.</subfield>
  </datafield>
  <datafield tag="856" ind1="4" ind2="1">
   <subfield code="a">Available for University of the Philippines System via iGLibrary vol. 1 part 3</subfield>
   <subfield code="u">http://portal.igpublish.com.ezproxy.upd.edu.ph/iglibrary/obj/SEAB0000863?dtbs=&amp;searchid=1600044976068rnDr77arvNuOnkiB12jtW</subfield>
  </datafield>
  <datafield tag="905" ind1=" " ind2=" ">
   <subfield code="a">FI</subfield>
  </datafield>
  <datafield tag="852" ind1="0" ind2=" ">
   <subfield code="a">UPD</subfield>
   <subfield code="b">DMLF</subfield>
   <subfield code="h">HA 1821</subfield>
   <subfield code="i">1939 A36eb</subfield>
  </datafield>
  <datafield tag="942" ind1=" " ind2=" ">
   <subfield code="a">Electronic Resource</subfield>
  </datafield>
 </record>
</collection>
